<?xml version="1.0" encoding="UTF-8"?>
<collection xmlns="http://www.loc.gov/MARC21/slim">
 <record>
  <leader>00677nam a22002055a 4500</leader>
  <controlfield tag="001">EHU.bham050708</controlfield>
  <controlfield tag="008">220610s1974####sp############000#0#####d</controlfield>
  <controlfield tag="005">20220610074945.0</controlfield>
  <datafield tag="245" ind1="1" ind2="0">
   <subfield code="a">La expedición de Aníbal en la historia /</subfield>
   <subfield code="c">Dennis Proctor ; trad. por Francisco Javier Aguirre González.</subfield>
  </datafield>
  <datafield tag="260" ind1=" " ind2=" ">
   <subfield code="a">Madrid :</subfield>
   <subfield code="b">Espasa-Calpe,</subfield>
   <subfield code="c">1974.</subfield>
  </datafield>
  <datafield tag="300" ind1=" " ind2=" ">
   <subfield code="a">259 p.</subfield>
  </datafield>
  <datafield tag="020" ind1=" " ind2=" ">
   <subfield code="a">8423915689</subfield>
  </datafield>
  <datafield tag="100" ind1="1" ind2=" ">
   <subfield code="a">Proctor, Dennis.</subfield>
  </datafield>
  <datafield tag="700" ind1="1" ind2=" ">
   <subfield code="a">Aguirre González, Francisco Javier, trad.</subfield>
  </datafield>
  <datafield tag="082" ind1="A" ind2="8">
   <subfield code="a">937 P964</subfield>
  </datafield>
  <datafield tag="653" ind1=" " ind2=" ">
   <subfield code="a">Roma-historia de</subfield>
  </datafield>
  <datafield tag="653" ind1=" " ind2=" ">
   <subfield code="a">Cartago-historia de</subfield>
  </datafield>
  <datafield tag="600" ind1="1" ind2="7">
   <subfield code="a">Barca, Aníbal.</subfield>
  </datafield>
  <datafield tag="653" ind1=" " ind2=" ">
   <subfield code="a">Guerras púnicas</subfield>
  </datafield>
  <datafield tag="859" ind1=" " ind2=" ">
   <subfield code="a">AR-BHAM</subfield>
   <subfield code="b">BIB. HUMANIDADES - General</subfield>
   <subfield code="h">937</subfield>
   <subfield code="i">P964</subfield>
   <subfield code="p">141.22</subfield>
  </datafield>
 </record>
</collection>
